Statistics for 2017 Rapers Quiz

Click here to take the quiz!

General Stats

  • This quiz has been taken 513 times
  • The average score is 8 of 15

Answer Stats

HintAnswer% Correct
lplil pump
94%
luvlil uzi vert
94%
ffuture
87%
no hint6ix9ine
76%
kbkodak black
70%
trtrippie redd
67%
tktay k
66%
mmigos
60%
ynybn nahmir
50%
tgtee grizzley
38%
nynba youngboy
31%
prpnb rock
25%
fdfamous dex
20%
ctrchance the rapper
14%
mmmeek mill
10%

Score Distribution

Percentile by Number Answered

Percent of People with Each Score

Your Score History

You have not taken this quiz